Statistics for Largest Cities and Towns of Faroe Islands

Click here to take the quiz!

General Stats

  • This quiz has been taken 37 times
  • The average score is 5 of 10

Answer Stats

PlacementPopulationAnswer% Correct
112582Tórshavn
100%
24681Klaksvík
61%
10974Sørvágur
56%
81170Tvøroyri
56%
32951Hoyvik
50%
41907Argir
44%
91032Miðvágur
44%
61402Vágur
39%
51542Fuglafjørður
28%
71251Vestmanna
22%

Score Distribution

Percentile by Number Answered

Percent of People with Each Score

Your Score History

You have not taken this quiz